Property law in the Arab world : Real rights in Egypt, Iraq, Jordan, Lebanon, Syria, Saudi Arabia and Gulf State

Bibliographic Details
Main Author: Ziadeh, Farhat, J. (Author)
Format: Book
Language:English
Published: London : Graham & Trotman 1979
Subjects:

MARC

LEADER 00000cam a2200000 7i4500
001 0000002379
005 20240925.0
008 240503 enk eng
020 |a 0860101126 (hardback) 
040 |a INS   |b eng   |e rda 
090 0 0 |a HD592   |b .Z53 1979 
100 1 |a Ziadeh, Farhat, J. ,   |e author 
245 1 0 |a Property law in the Arab world :   |b Real rights in Egypt, Iraq, Jordan, Lebanon, Syria, Saudi Arabia and Gulf State   |c Farhat J. Ziadeh 
264 1 |a London :   |b Graham & Trotman   |c 1979 
264 4 |c ©1979 
300 |a xii, 113 pages ;   |c 24 cm. 
336 |a text  |2 rdacontent 
337 |a unmediated  |2 rdamedia 
338 |a volume  |2 rdacarrier 
504 |a Includes bibliographical references 
650 0 |a Real property (Islamic law) 
650 0 |a Real property   |z Arab countries 
999 |a 0000022351   |b BOOK   |c Open Shelf   |e Default branch